000
00287nam a22001217a 4500
999
_c
534287
_d
534287
040
_c
MSOHAIL
082
_a
891.4391
100
_a
Ahmed Faraz
_9
15456
245
_a
Janan Janan / جاناں جاناں
260
_a
Lahore
_b
Dost Publication
_c
c2006
300
_a
155;p
942
_2
ddc
_c
BK